000 01010nam a2200313 a 4500
001 000109887
003 CHAP
005 20220329144107.0
008 140605s2012 mx |rm |0|||||spa d
010 _a106349
011 _a107321
040 _cCHAP
090 _aTesis
100 1 _aVargas Guzmán, Yocelina
_9127236
245 1 0 _aDensidades y arreglos topológicos en la línea mutante de soya Bombona en etapa de ejote /
_cpor Yocelina Vargas Guzmán.
260 _aCocula, Gro. :
_bEl autor,
_c2012.
300 _axi, 91 h. :
_bil., gráfs., cuadros.
502 _aTesis (Ing. Agr. Fitotecnista) -- CSAEGro
590 _aE6096MTM
_b05
_c20140605
_lUCH01
_h1126
650 1 4 _aAgricultura
_xInnovaciones tecnológicas.
_91565
650 1 4 _aDensidad de siembra.
_931812
650 1 4 _aEjote
_xRendimiento.
_936077
650 1 4 _aMutación en plantas.
_979907
650 1 4 _aRadiación
_xEfecto en semillas.
_993675
650 1 4 _aTopología.
_9113916
901 _aBK
942 _cTESIS
942 _n0
999 _c106349
_d106349